Contributions to hemostasis
Αποθηκεύτηκε σε:
| Άλλοι συγγραφείς: | , |
|---|---|
| Μορφή: | Βιβλίο |
| Γλώσσα: | English |
| Δημοσίευση: |
New York, N.Y. :
New York Academy of Sciences,
1981
|
| Σειρά: | Annals of the New York Academy of Sciences ;
; 370 |
| Θέματα: | |
| Ετικέτες: |
Προσθήκη ετικέτας
Δεν υπάρχουν, Καταχωρήστε ετικέτα πρώτοι!
|
MARC
| LEADER | 00000cam a2200000 i 4500 | ||
|---|---|---|---|
| 001 | 1/7508 | ||
| 008 | 000621s1981 eng d | ||
| 020 | |a 0897661303 | ||
| 035 | |l 10062307 | ||
| 040 | |a GR-MY-UA |b gre |e aacr | ||
| 041 | 0 | |a eng | |
| 082 | 0 | |a 612.115 | |
| 245 | 1 | 0 | |a Contributions to hemostasis / |c edited by Daniel A. Walz and Lowell E. McCoy |
| 260 | |a New York, N.Y. : |b New York Academy of Sciences, |c 1981 | ||
| 300 | |a 856 p. |b ill. | ||
| 490 | 1 | |a Annals of the New York Academy of Sciences |v ; 370 | |
| 500 | |a Papers from a conference held by Wayne State University School of Medicine on May 19-21, 1980, in Detroit, Mich | ||
| 504 | |a Includes index | ||
| 650 | 0 | 0 | |a Blood |x Coagulation |x Congresses. |
| 650 | 0 | 0 | |a Hemostasis |x Congresses. |
| 650 | 0 | 0 | |a Blood coagulation disorders |x Congresses. |
| 700 | 1 | |a Walz, Daniel A. |4 edt | |
| 700 | 1 | |a McCoy, Lowell E. |4 edt | |
| 830 | 0 | |a Annals of the New York Academy of Sciences ; |v ; 370 | |
| 852 | |a INST |b LESVOS |e 20000621 |h 612.115 CON |p 005100023729 |q 005100023729 |t BK |y 0 | ||
| 909 | |a Λ |b 072979 | ||
| 970 | |z 2000/06/ΟΙΚΟΝΟΜΟΠΟΥΛΟΥ ΧΡΙΣΤΙΝΑ | ||